01004nam a2200253Ia 450000500170000000800390001702000180005608200180007410000310009224502180012325000220034130000640036350000430042765000340047065000310050465000340053594200120056926400310058133600270061233700330063933800280067204000350070099900150073520220317000356.0141031s2013 csp ao 0gspa d s sspa a978848476556104a631.584bA71c1 aAraújo, Joaquínd1947-10aCultivar encuentros con la tierrabaproximaciones a la cultura ecológica a través de las tareas y destrezas del tiempo, el paisaje, la vivacidad y, sobre todo, del agricultor autosuficientecJoaquín Araújo aPrimera edición a196 páginasbilustraciones y fotografías a colorc20 cm aContiene datos biográficos del autor142LEMBaHorticultura orgánica142LEMBaPracticas de cultivo142LEMBaAgricultura biológica 2ddccBK aMadridbMundi-Prensac2013 atextobtxt2rdacontent asin mediaciónbn2rdamedia avolumenbnc2rdacarrier aCO-BoRNBPbspaerdacCO-BoRNBP c3872d3872